US States by Biggest and Deepest Lakes - Statistics

General Stats
  • This quiz has been taken 54 times
  • The average score is 17 of 20
Answer Stats
Area (km2) State Lake % Correct
899 California Salton Sea
100%
173 California New Melones Lake
100%
5,483 Utah Great Salt Lake
100%
453 Washington Lake Chelan
98%
1,715 Florida Lake Okeechobee
96%
188 New York Seneca Lake
96%
594 Oregon Crater Lake
96%
1,106 Minnesota Red Lake
93%
1,018 Montana Fort Peck Lake
87%
150 Montana Tally Lake
87%
1,634 Louisiana Lake Pontchartrain
84%
351 Idaho Lake Pend Oreille
82%
126 Colorado Morrow Point Reservoir
80%
557 Wisconsin Lake Winnebago
80%
2,626 Alaska Iliamna Lake
78%
322 Alaska Lake Clark
78%
474 Nevada Pyramid Lake
76%
1,347 North Dakota Lake Sakakawea
73%
185 Wyoming Fremont Lake
64%
137 Georgia Carters Lake
60%
No matching quizzes found
Score Distribution
Percent of People with Each Score
Percentile by Number Answered
Your Score History
You have not taken this quiz